000
00187nam a2200085Ia 4500
008
120527s9999 xx 000 0 und d
100
_a
Laich & Thompson
245
_a
Psychology
942
_c
BK
999
_c
27474
_d
27474